Statistics for The Seven Wonders Of The World

Click here to take the quiz!

General Stats

  • This quiz has been taken 98 times
  • The average score is 11 of 14

Answer Stats

Modern Wonder Country % Correct
Taj MahalIndia
100%
Great Wall of _____China
99%
Roman ColosseumItaly
97%
Great Pyramid of GizaEgypt
95%
Christ the RedeemerBrazil
90%
Machu PichuPeru
87%
Statue of Zeus at OlympiaGreece
86%
Colossus of RhodesGreece
79%
Lighthouse of AlexandriaEgypt
78%
Chichen ItzaMexico
69%
PetraJordan
65%
Hanging Gardens of BabylonIraq
63%
Temple of ArtemisTurkey
48%
Mausoleum at HalicarnassusTurkey
46%

Score Distribution

Percentile by Number Answered

Percent of People with Each Score

Your Score History

You have not taken this quiz